000 00407nab a2200145Ia 4500
003 ES-SlBCS
005 20210601125035.0
008 140529s1990 xxu||||| |||| 00| 0 eng d
041 _aeng
100 1 _aSmith, Bradford A.
_9153038
245 0 0 _aVoyage of the Century
_c Bradford A. Smith
650 0 4 _aAstronomía
_915897
773 0 _tNational Geographic
_gnº. 2, 1990, págs. 48-65
_wRev289
942 _cAR
999 _c523739
_d523739